000 00663nam a2200229Ia 4500
003 BUBTL
008 151213s9999 xx 000 0 und d
020 _a007111629-X
082 _a658.4038
_bOBM
100 _aJames A. Obrien & G. M. Markas
245 _aManagement Information System
_cJames A. Obrien & G. M. Markas
250 _a7 th
260 _aNew York
_bMc Grow Hill
_c2006
300 _a[xxx] , 592p . :
_bill , Graph ; 24cm .
500 _aIncludes Index .
650 _aComputer
650 _aComputer
700 _aJames A. Obrien & G. M. Markas
856 _k0
_l0
_yDownload
942 _2ddc
_cBK
999 _c2562
_d2562